Statistics for Sia Charting Songs (Billboard Club Play)

Click here to take the quiz!

General Stats

  • This quiz has been taken 10 times
  • The average score is 5 of 19

Answer Stats

AlbumWeeks OnPeakArtist(s)Song% Correct
This Is Acting24 Weeks#1 (1 Week)Sia ft. Sean PaulCheap Thrills
100%
1,000 Forms of Fear13 Weeks#1 (1 Week)SiaChandelier
80%
Nothing but the Beat30 Weeks#3David Guetta ft. SiaTitanium
70%
This Is Acting (Deluxe Edition)10 Weeks#34Sia ft. Kendrick LamarThe Greatest
60%
This Is Acting9 Weeks#28SiaAlive
40%
1,000 Forms of Fear13 Weeks#1 (1 Week)SiaElastic Heart
40%
713 Weeks#4David Guetta & SiaFlames
30%
Wild Ones10 Weeks#30Flo Rida ft. SiaWild Ones
30%
This Is Acting16 Weeks#1 (1 Week)SiaMove Your Body
20%
Listen Again12 Weeks#26David Guetta ft. Sia & Fetty WapBang My Head
10%
Deja Vu12 Weeks#1 (1 Week)Giorgio Moroder ft. SiaDeja Vu
10%
Non-Album Single10 Weeks#7Stargate ft. Pink & SiaWaterfall
10%
We Are Born7 Weeks#28SiaClap Your Hands
0%
Some People Have Real Problems8 Weeks#24SiaDay Too Soon
0%
Nothing but the Beat14 Weeks#1 (1 Week)David Guetta ft. Sia
She Wolf (Falling to Pieces)
0%
Daddy Issues12 Weeks#4Brooke Candy ft. SiaLiving Out Loud
0%
Some People Have Real Problems18 Weeks#8SiaThe Girl You Lost to Cocaine
0%
Nothing but the Beat 2.015 Weeks#1 (1 Week)Jack Back ft. David Guetta, Nicky Romero & SiaWild One Two
0%
Non-Album Single4 Weeks#47Lauren Flax ft. SiaYou've Changed
0%

Score Distribution

Percentile by Number Answered

Percent of People with Each Score

Your Score History

You have not taken this quiz